Moravský Krumlov ve svých osudech. - Brno : Muzejní a Vlastivědná Společnost [u.a.]. - 2009 [Rezension]
| Titel: | Moravský Krumlov ve svých osudech. - Brno : Muzejní a Vlastivědná Společnost [u.a.]. - 2009 [Rezension] |
|---|---|
| Verfasser: | |
| In: |
Jižní Morava, Band 46, Heft 49 (2010), Seite 258-259 alle Artikel anzeigen |
| Veröffentlicht: | 2010 |
| Format: | Aufsatz |
| Sprache: | Tschechisch |
X
alg: 39522712 001A $01999:12-11-16 001B $01999:09-08-21 $t17:44:05.000 001D $01999:12-11-16 001U $0utf8 001X $00 002@ $0Aox 003@ $0395227127 007A $0395227127 $aHEB 007T $0Herdp35788 010@ $acze 011@ $a2010 021A $aMoravský Krumlov ve svých osudech. - Brno : Muzejní a Vlastivědná Společnost [u.a.]. - 2009 [Rezension] 028A $aSvoboda $dMiroslav 031A $d46 $e49 $h258-259 $j2010 039B $aIn $8--Abvc--. Jižní Morava. - Mikulov : Státní okresní archiv Břeclav se sídlem v Mikulově, 1966-. - ISSN 0449-0436 $x201000000460049742 $9048246115 039T $8--Aau--. Moravský Krumlov ve svých osudech. - Vyd. 1.. - Brno : Muzejní a Vlastivědná Společnost [u.a.], 2009. - 350 S., [16] Bl.. - Ill., Kt.. - ISBN 978-80-86249-56-8 $9226423263 045F $a900.94371 $eDDC23BSB 045F/01 $a900 045F/03 $g4371 045T $aOST $qDE-12 $2FID lok: 39522712 78 exp: 39522712 78 1 #EPN 201B/01 $026-11-17 $t04:20:08.000 201U/01 $0utf8 203@/01 $0791558681 208@/01 $a12-11-16 $be 209A/01 $a/ $f000 $x00 220C/01 $aHerkunft: Hú Av Čr Praha 244Z/01 $#Tschechien $#Tschechische Republik $#Tschechische Republik $#Tschechenland $#Tschechei Tschechien $#Česká Republika $#Czech Republic $#ČR $74303381-7 $8--Tg1--Tschechien $x01 $9086659812 244Z/01 $2Trx $#Böhmen $#Bohemia $#Czechy $8--Trx--Čechy $x02 $9391188941 244Z/01 $2Trx $#arvustused $#recenzijos $#Reviews $#recenziók $#recenzje $#recenzie $#recenze $8--Trx--Rezensionen $x03 $9391357441 247C/01 $82080>Marburg/Lahn, Herder-Institut, Forschungsbibliothek, Bibliographieportal $9336309341
| LEADER | 00000caa a22000002c 4500 | ||
|---|---|---|---|
| 001 | 395227127 | ||
| 003 | DE-603 | ||
| 005 | 20210809174405.0 | ||
| 007 | tu | ||
| 008 | 161112s2010 xx |||| | u00||u|cze c | ||
| 035 | |a (DE-599)HEB395227127 | ||
| 040 | |a DE-603 |b ger |c DE-603 |d DE-603 | ||
| 041 | |a cze | ||
| 082 | 0 | 4 | |8 1\u |a 900.94371 |q DE-101 |2 23/BSB |
| 084 | |a OST |q DE-12 |2 fid | ||
| 085 | |8 1\u |b 900 | ||
| 085 | |8 1\u |z 2 |s 4371 | ||
| 100 | 1 | |a Svoboda, Miroslav | |
| 245 | 0 | 0 | |a Moravský Krumlov ve svých osudech. - Brno : Muzejní a Vlastivědná Společnost [u.a.]. - 2009 [Rezension] |
| 264 | 0 | |c 2010 | |
| 773 | 0 | 8 | |i In |t Jižní Morava |d Mikulov : Státní okresní archiv Břeclav se sídlem v Mikulově, 1966- |x 0449-0436 |g Band 46, Heft 49 (2010), Seite 258-259 |w (DE-603)048246115 |w (DE-600)958925-9 |
| 787 | 0 | 8 | |i Rezension von |t Moravský Krumlov ve svých osudech |b Vyd. 1. |d Brno : Muzejní a Vlastivědná Společnost [u.a.], 2009 |h 350 S., [16] Bl., Ill., Kt. |z 9788086249568 |z 8086249565 |w (DE-603)226423263 |
| 924 | 0 | |9 2080 |a (DE-603)791558681 |b DE-2080 |c HES |d d |g / | |


